Fr. Conceicao Rodrigues College of Engineering

Signal processing III (Record no. 22237)

MARC details
000 -LEADER
fixed length control field 00323nam a2200157Ia 4500
082 ## - DEWEY DECIMAL CLASSIFICATION NUMBER
Classification number 621.3822
Item number YOU
100 ## - MAIN ENTRY--PERSONAL NAME
Personal name Young/Biemond
245 ## - TITLE STATEMENT
Title Signal processing III
260 ## - PUBLICATION, DISTRIBUTION, ETC.
Name of publisher, distributor, etc. North Holland
Date of publication, distribution, etc. 1986
300 ## - PHYSICAL DESCRIPTION
Extent 660
490 ## - SERIES STATEMENT
Volume/sequential designation 1
546 ## - LANGUAGE NOTE
Language note ENGLISH
654 ## - SUBJECT ADDED ENTRY--FACETED TOPICAL TERMS
Focus term signal processing
942 ## - ADDED ENTRY ELEMENTS (KOHA)
Koha item type BOOK
Holdings
Withdrawn status Lost status Damaged status Not for loan Collection Home library Current library Date acquired Total Checkouts Full call number Barcode Date last seen Price effective from Koha item type
        CRC Fr. Agnel's C.Rodrigues College of Engineering Fr. Agnel's C.Rodrigues College of Engineering 17/03/2023   621.3822 YOU 14295 17/03/2023 17/03/2023 BOOK